000 01890 a2200241 4500
003 Nust
005 20221219095205.0
010 _a 2003003799
020 _a0415314291 (hbk.)
020 _a0415314305 (pbk.)
040 _cNust
082 0 0 _a303.625,GLO
245 0 0 _aGlobal responses to terrorism :
_b9/11, Afghanistan and beyond /
_cedited by Mary Buckley and Rick Fawn.
260 _aLondon ;
_aNew York :
_bRoutledge,
_c2003.
300 _axv, 334 p. :
_bmaps ;
_c25 cm.
505 _aFrom Ground Zeor to the War In Afghanistan (Paeg-11), Implications of the Attack of 9/11 for the Future of Terrorism (Paeg-25), Al-Qaeda (Paeg-37), Superpower Response (Paeg-52), Loyally Ally (Paeg-66), Reluctant Moral Middle Power (Paeg-79), Support From a Biscephalous Executive (Paeg-90), Redefining its Security Role (Paeg-101), Leadership Seeking Greater Legitimacy (Paeg-113), Radical Islamist Sate and Secular Arab Nationalism (Paeg-122), Support With Qualification (Paeg-135), Conflicting Pressures (Paeg-144), The Consequence or the Cause (Paeg-153), A Vulnerable Continent (Paeg-165), Political Islam in Southeast Asia and The US Philippine (Paeg-176), Unexpectedly At Center Stage (Paeg-188), In The Middle Ground (Paeg-202), A Rising Power With Global Aspirations (Paeg-210), Former Superpower (Paeg-221), Negotiating the US Presence (Paeg-239), International Organizations (Paeg-252), Perceptions of Afghan Refugees (Paeg-265), The Global Economy (Paeg-276), War Without Warriors (Paeg-284), Implications’ for the Study of International Relations (Paeg-296), The War on Terror (Paeg-310).
650 0 _aInternational relations.
650 0 _aTerrorism
_xPrevention.
_93117
700 1 _aBuckley, Mary
_9105157
700 1 _aFawn, Rick.
_9105158
856 4 2 _3Publisher description
_uhttp://www.loc.gov/catdir/enhancements/fy0651/2003003799-d.html
942 _2ddc
_cBK
_k303.625,GLO
999 _c184807
_d184807